MyGZULibrary

Syntax : (Record no. 8159)

MARC details
000 -LEADER
fixed length control field 01393cam a2200337 a 4500
001 - CONTROL NUMBER
control field 3052774
003 - CONTROL NUMBER IDENTIFIER
control field GZU
005 - DATE AND TIME OF LATEST TRANSACTION
control field 20210517121523.0
008 - FIXED-LENGTH DATA ELEMENTS--GENERAL INFORMATION
fixed length control field 960617s1997 enka b 001 0 eng
010 ## - LIBRARY OF CONGRESS CONTROL NUMBER
LC control number 96025137
020 ## - INTERNATIONAL STANDARD BOOK NUMBER
International Standard Book Number 0521581222
020 ## - INTERNATIONAL STANDARD BOOK NUMBER
International Standard Book Number 0521589142 (pbk.)
040 ## - CATALOGING SOURCE
Original cataloging agency DLC
Transcribing agency DLC
Modifying agency DLC
050 00 - LIBRARY OF CONGRESS CALL NUMBER
Classification number P291
Item number .R36 1997
082 00 - DEWEY DECIMAL CLASSIFICATION NUMBER
Classification number 415
Edition number 20
100 1# - MAIN ENTRY--PERSONAL NAME
Personal name Radford, Andrew.
245 10 - TITLE STATEMENT
Title Syntax :
Remainder of title a minimalist introduction /
Statement of responsibility, etc. Andrew Radford.
260 ## - PUBLICATION, DISTRIBUTION, ETC.
Place of publication, distribution, etc. Cambridge [England] ;
-- New York, NY, USA :
Name of publisher, distributor, etc. Cambridge University Press,
Date of publication, distribution, etc. 1997.
300 ## - PHYSICAL DESCRIPTION
Extent ix, 283 p. :
Other physical details ill. ;
Dimensions 26 cm.
500 ## - GENERAL NOTE
General note Abridged version of author's Syntactic theory and the structure of English.
504 ## - BIBLIOGRAPHY, ETC. NOTE
Bibliography, etc. note Includes bibliographical references (p. 276-278) and index.
650 #0 - SUBJECT ADDED ENTRY--TOPICAL TERM
Topical term or geographic name entry element Grammar, Comparative and general
General subdivision Syntax.
650 #0 - SUBJECT ADDED ENTRY--TOPICAL TERM
Topical term or geographic name entry element Minimalist theory (Linguistics)
650 #0 - SUBJECT ADDED ENTRY--TOPICAL TERM
Topical term or geographic name entry element English language
General subdivision Syntax.
700 1# - ADDED ENTRY--PERSONAL NAME
Personal name Radford, Andrew.
Title of a work Syntactic theory and the structure of English.
856 42 - ELECTRONIC LOCATION AND ACCESS
Materials specified Publisher description
Uniform Resource Identifier <a href="http://www.loc.gov/catdir/description/cam027/96025137.html">http://www.loc.gov/catdir/description/cam027/96025137.html</a>
856 41 - ELECTRONIC LOCATION AND ACCESS
Materials specified Table of contents
Uniform Resource Identifier <a href="http://www.loc.gov/catdir/toc/cam022/96025137.html">http://www.loc.gov/catdir/toc/cam022/96025137.html</a>
906 ## - LOCAL DATA ELEMENT F, LDF (RLIN)
a 7
b cbc
c orignew
d 1
e ocip
f 19
g y-gencatlg
942 ## - ADDED ENTRY ELEMENTS (KOHA)
Source of classification or shelving scheme Library of Congress Classification
Koha item type Books
Classification part 291
Item part RAD
Call number prefix P
Call number suffix 1997
Holdings
Withdrawn status Lost status Damaged status Not for loan Collection code Home library Current library Shelving location Date acquired Total Checkouts Full call number Barcode Date last seen Copy number Price effective from Koha item type
        Non-fiction Mashava Campus Library Mashava Campus Library General Stacks 05/17/2021   P291 RAD 1997 G21081 05/17/2021 c.1 05/17/2021 Books